| 000 | 00793nam a2200217 a 4500 | ||
|---|---|---|---|
| 001 | 2312 | ||
| 003 | CO-ViMGA | ||
| 008 | 141112s2004 ck r 000 u spa d | ||
| 040 |
_aCO-ViMGA _bspa _cCO-ViMGA |
||
| 082 | 0 | 4 | _a616.8915 S456v |
| 100 | 1 |
_aSimon, Fritz _951109 |
|
| 245 | 1 | 0 |
_aVocabulario de terapia familiar / _cSimon Fritz , Strerlin Helm , Wynne Lymon |
| 260 |
_aBarcelona : _bGedisa, _c1993 |
||
| 300 | _a460 p | ||
| 490 | _aTerapia familiar | ||
| 505 | _aCambio de síntomas, Formación de síntomas 47 - - Realidad de las relaciones 299 - - Teoría binocular del cambio 349 - - Terapia simbólico - experiencial 396 - - Triangulación 428 | ||
| 650 | 1 | 4 |
_aPSICOTERAPIA FAMILIAR _97468 |
| 650 | 1 | 4 |
_aStrerlin, Helm _951110 |
| 650 | 1 | 4 |
_aWynne, Lymon _951111 |
| 942 |
_2ddc _cBK |
||
| 999 |
_c14413 _d14413 |
||